Violencia en sus distintos ámbitos de expresión
Zapisane w:
| Główni autorzy: | , , , |
|---|---|
| Kolejni autorzy: | |
| Format: | Książka |
| Język: | hiszpański |
| Wydane: |
Santiago
Dolmen
1995
|
| Wydanie: | 1a. ed |
| Seria: | Dolmen Mundo Abierto
|
| Hasła przedmiotowe: | |
| Etykiety: |
Dodaj etykietę
Nie ma etykietki, Dołącz pierwszą etykiete!
|
MARC
| LEADER | 00000nam a2200000 a 4500 | ||
|---|---|---|---|
| 001 | UCZ7253 | ||
| 003 | CL-VaPUC | ||
| 008 | 951228e19950000CL |||||||||||||||||spa|d | ||
| 020 | |a 9562012530 | ||
| 082 | 0 | 4 | |a 303.6 |b MAT |2 21 |
| 100 | |a Maturana Romesín, Humberto |e autor |9 448877 | ||
| 700 | 0 | |a Coddou, Fernando |e author |9 352036 | |
| 700 | |a Montenegro Arriagada, Hernán |e autor |9 582228 | ||
| 700 | 0 | |a Kunstmann, Gloria |e author |9 352038 | |
| 700 | 0 | |a Méndez, Carmen Luz |e author |9 352039 | |
| 245 | 1 | 0 | |a Violencia en sus distintos ámbitos de expresión |
| 250 | |a 1a. ed | ||
| 300 | |a 88 p | ||
| 942 | |c BK | ||
| 945 | |d 19951228 00:00:00 |a rleighto | ||
| 260 | |a Santiago |b Dolmen |c 1995 | ||
| 650 | 0 | |a Violencia |9 255411 | |
| 650 | 0 | |a Medios de comunicación |9 257206 | |
| 650 | 0 | |a Violencia conyugal |9 259238 | |
| 650 | 0 | |a Biología |9 262022 | |
| 650 | 7 | |a SUICIDIO |2 CL-VaPUC |9 317374 | |
| 650 | 0 | |a Aspectos psicológicos |9 258128 | |
| 583 | |a last modification |c 19951228 00:00:00 |k Rodrigo Vera | ||
| 490 | 0 | |a Dolmen Mundo Abierto | |
| 999 | |c 243356 |d 243354 | ||
| 952 | |0 0 |1 0 |4 0 |6 303_600000000000000_MAT_1995 |7 0 |8 A |9 256953 |a BIBEDU |b BIBEDU |d 2019-11-19 |i 3164187 |o 303.6 MAT 1995 |p 3164187 |r 2019-11-19 |w 2019-11-19 |y BK |k EDU | ||
| 952 | |0 0 |1 0 |4 0 |6 303_600000000000000_MAT_1995 |7 0 |8 A |9 256954 |a BIBEDU |b BIBEDU |d 2019-11-19 |i 467930K |l 1 |o 303.6 MAT 1995 |p 467930K |r 2021-07-01 |s 2021-05-04 |w 2019-11-19 |y BK |k EBA | ||